Los cálculos estáticos en la construcción / (Record no. 101379)

MARC details
000 -LEADER
campo de control de longitud fija 00564nam a2200169 i 4500
001 - NÚMERO DE CONTROL
campo de control 101379
003 - IDENTIFICADOR DE NÚMERO DE CONTROL
campo de control ES-MaACL
005 - FECHA Y HORA DE LA ÚLTIMA TRANSACCIÓN
campo de control 20230906182903.0
007 - CAMPO FIJO DE DESCRIPCIÓN FÍSICA--INFORMACIÓN GENERAL
campo de control de longitud fija t|
008 - DATOS DE LONGITUD FIJA--INFORMACIÓN GENERAL
campo de control de longitud fija 051018s1961 sp ||||1| spa d
100 1# - ENTRADA PRINCIPAL--NOMBRE DE PERSONA
Nombre de persona Mayer, Max.
9 (RLIN) 79359
245 14 - MENCIÓN DEL TÍTULO
Título Los cálculos estáticos en la construcción /
Mención de responsabilidad, etc. Max Mayer; traducción... con un apéndice sobre los métodos de cálculo por D. R. Dublang.
260 ## - PUBLICACIÓN, DISTRIBUCIÓN, ETC.
Lugar de publicación, distribución, etc. Barcelona :
Nombre del editor, distribuidor, etc. Labor,
Fecha de publicación, distribución, etc. 1961.
300 ## - DESCRIPCIÓN FÍSICA
Extensión XIV, 241 p. :
Otras características físicas il. ;
Dimensiones 29 cm.
700 1# - ENTRADA AGREGADA--NOMBRE PERSONAL
Nombre de persona Dublang, Roberto.
9 (RLIN) 45757
852 ## - LOCALIZACIÓN
Ubicación ES-MaACL
Número de control de estantería C-19462
Sublocalización o colección R.49072
Holdings
Estatus retirado Estado de pérdida Estado de daño No para préstamo Biblioteca de origen Biblioteca actual Ubicación en estantería Fecha de adquisición Fuente de adquisición Total de préstamos Signatura topográfica completa Código de barras Visto por última vez Precio de reemplazo Tipo de ítem Koha
        Biblioteca del Ateneo de Madrid Biblioteca del Ateneo de Madrid Galería 17/01/2008     C-19462 1105845 23/02/2023 23/02/2023 Libro impreso